|
|
|
|
| LEADER |
00000nam a2200000 a 4500 |
| 001 |
vtls001367376 |
| 003 |
SK-MaSNL |
| 005 |
20260223173644.0 |
| 008 |
180126sm y0 xx r 0 und |
| 035 |
|
|
|a SNK000321065
|
| 040 |
|
|
|a SNK
|b slo
|c SNK
|e AACR2
|
| 245 |
1 |
|
|a STN EN ISO 7827 Kvalita vody
|b Hodnotenie úplnej aerobnej biodegradability organických látok vo vodnom prostredí. Metóda analýza rozpusteného organického uhlíka.
|
| 260 |
|
|
|a Bratislava
|b Úrad pre normalizáciu, metrológiu a skúšobníctvo SR
|c 1999
|
| 300 |
|
|
|a 12 s.
|
| 999 |
|
|
|c 635571
|d 637501
|
| 952 |
|
|
|t P60, <03>, [BOOK], {603}
|a SNK
|b SNK
|y PREZ
|7 0
|p 17A0198796
|o snkSTN EN ISO 7827
|i snkN 1721/99
|0 0
|1 0
|4 0
|d 1999-07-06
|l 0
|r 2005-01-02 00:00:00
|w 2026-02-23
|
| 952 |
|
|
|t P60, <04>, [BOOK], {604}
|a SNK
|b SNK
|y VYP
|7 0
|p 17A0198795
|o snkSTN EN ISO 7827 D1
|i snkN 1722/99
|0 0
|1 0
|4 0
|d 1999-07-06
|l 0
|r 2005-01-02 00:00:00
|w 2026-02-23
|